=LDR 00000nam 2200000 4500 =001 INLIS000000000023010 =005 20130612121716 =008 ***********************************Ind** =035 ##$$0010-061300000023010 =041 ##$$a Ind =082 ##$$a 651.3 =090 ##$$a 651.3, Kom-m =100 ##$$a Komaruddin =245 ##$$a Manajemen kantor, Teori dan praktek, Komaruddin =260 ##$$a 1993 $b Bandung =300 ##$$a xviii, 312 hlm., ilus, 20 cm =650 ##$$a Manajemen Perkantoran =850 ##$$a NBPNMAT